To live with(out) violence : (Record no. 49)

MARC details
000 -LEADER
fixed length control field 009960000a22002410004500
003 - CONTROL NUMBER IDENTIFIER
control field LK-CoMWRAF
005 - DATE AND TIME OF LATEST TRANSACTION
control field 20240120143552.0
008 - FIXED-LENGTH DATA ELEMENTS--GENERAL INFORMATION
fixed length control field 230817t1999 ||||| |||| 00| 0 eng d
020 ## - INTERNATIONAL STANDARD BOOK NUMBER
International Standard Book Number 9958958619
040 ## - CATALOGING SOURCE
Original cataloging agency LK-CoMWRAF
Modifying agency LK-CoMWRAF
Description conventions LK-CoMWRAF
041 ## - LANGUAGE CODE
Language code of text/sound track or separate title English
082 ## - DEWEY DECIMAL CLASSIFICATION NUMBER
Classification number 362.82
Item number TOL
942 ## - ADDED ENTRY ELEMENTS (KOHA)
Koha item type Books
700 ## - ADDED ENTRY--PERSONAL NAME
Personal name Peele, Holly
Relator Term editor
700 ## - ADDED ENTRY--PERSONAL NAME
Personal name Andrić-Ružičić, Duška
Relator Term editor
245 ## - TITLE STATEMENT
Title To live with(out) violence :
Remainder of title final report violence against women Zenica Bosnia-Herzegovina
260 ## - PUBLICATION, DISTRIBUTION, ETC. (IMPRINT)
Place of publication, distribution, etc. Zenica:
Name of publisher, distributor, etc. Infoteka,
Date of publication, distribution, etc. 1999
300 ## - PHYSICAL DESCRIPTION
Extent 94 p. : ill. (some color) ; 23 cm
490 ## - SERIES STATEMENT
Series statement A second look 2--excerpts
520 ## - SUMMARY, ETC.
Summary, etc. Excerpts from the original book written in the Bosnian language by Medica professionals working in the Women's Therapy Center. These professionals relate their experiences in working with these women survivors of violence
650 ## - SUBJECT ADDED ENTRY--TOPICAL TERM
Topical term or geographic name as entry element Abused women-Bosnia and Herzegovina- Zenica
650 ## - SUBJECT ADDED ENTRY--TOPICAL TERM
Topical term or geographic name as entry element Women, Violence against- Bosnia and Herzegovina- Zenica
Holdings
Withdrawn status Lost status Damaged status Not for loan Permanent Location Current Location Date acquired Full call number Barcode Koha item type
        Resource center, Muslim Women's Research And Action Forum Resource center, Muslim Women's Research And Action Forum 2023-08-17 362.88 TOL RAF3962 Books

Copyright © 2023 Muslim Women's Research and Action Forum (MWRAF), No 27/3, Anderson Road, Kalubowila, Dehiwela. Funded by The Asia Fundation